[Event "ENCI Limburg-open C"]
[Site "Maastricht"]
[Date "2012.05.25"]
[Round "1"]
[White "Deniz, Patrick"]
[Black "Oxener, Aldo"]
[Result "0-1"]
[WhiteElo "800"]
[BlackElo "1513"]
[PlyCount "64"]
[EventDate "2012.05.25"]
[EventType "swiss"]
[EventRounds "7"]
[EventCountry "NED"]
[Source "P.Boonen"]
[SourceDate "2013.01.01"]

1. e4 d5 2. exd5 Qxd5 3. Nc3 Qd6 4. Bc4 Nf6 5. Nf3 a6 6. O-O b5 7. Bb3 Bb7 8.
d4 e6 9. a4 b4 10. Na2 Be7 11. c3 bxc3 12. Nxc3 O-O 13. Bg5 Nbd7 14. h3 Qb6 15.
Qd3 Qxb3 16. Ne5 Nxe5 17. dxe5 Rfd8 18. Qg3 Nd5 19. Nxd5 Qxg3 20. fxg3 Bxg5 21.
Nxc7 Rac8 22. h4 Be3+ 23. Kh2 Rxc7 24. g4 Bd4 25. Rfd1 Bxe5+ 26. Kh3 Rxd1 27.
Rxd1 Kf8 28. b4 Rc3+ 29. g3 Rxg3+ 30. Kh2 Rd3+ 31. Kg1 Rxd1+ 32. Kf2 Rb1 0-1

[Event "ENCI Limburg-open C"]
[Site "Maastricht"]
[Date "2012.05.25"]
[Round "1"]
[White "Dethier, Krista"]
[Black "Vellekoop, Kees"]
[Result "0-1"]
[WhiteElo "1228"]
[BlackElo "1648"]
[PlyCount "84"]
[EventDate "2012.05.25"]
[EventType "swiss"]
[EventRounds "7"]
[EventCountry "NED"]
[Source "P.Boonen"]
[SourceDate "2013.01.01"]

1. d4 Nf6 2. Nf3 b5 3. g3 Bb7 4. Bg2 e6 5. O-O d6 6. Nbd2 Nc6 7. a3 Qd7 8. b4
O-O-O 9. Bb2 Kb8 10. Re1 h5 11. e4 d5 12. e5 Ng4 13. Ng5 g6 14. Qf3 Bh6 15. Qf4
Bxg5 16. Qxg5 Nh6 17. Nf3 Nf5 18. Qf4 h4 19. g4 Nh6 20. Nxh4 g5 21. Qxg5 Rdg8
22. Qf6 Nxg4 23. Qf4 Rxh4 24. f3 Qe7 25. h3 Nh6 26. Qf6 Qxf6 27. exf6 Nxd4 28.
Bxd4 Rxd4 29. Re5 Rd2 30. Rh5 Rdxg2+ 31. Kh1 Nf5 32. Rh7 Nd6 33. h4 R2g6 34.
Rg7 R6xg7 35. fxg7 Rxg7 36. Kh2 d4 37. f4 Nf5 38. Kh3 a5 39. h5 Be4 40. Rc1 c5
41. bxa5 Kb7 42. Rb1 Ka6 0-1

[Event "ENCI Limburg-open C"]
[Site "Maastricht"]
[Date "2012.05.25"]
[Round "1"]
[White "Dols, Jos"]
[Black "Halfhide, Sebastian"]
[Result "0-1"]
[WhiteElo "1571"]
[BlackElo "1119"]
[PlyCount "50"]
[EventDate "2012.05.25"]
[EventType "swiss"]
[EventRounds "7"]
[EventCountry "NED"]
[Source "P.Boonen"]
[SourceDate "2013.01.01"]

1. d4 Nf6 2. c4 c5 3. d5 b5 4. b3 g6 5. Bb2 Bg7 6. Nf3 d6 7. e4 Nbd7 8. cxb5 a6
9. bxa6 Bxa6 10. Bxa6 Qa5+ 11. Bc3 Qxa6 12. Qe2 O-O 13. Qxa6 Rxa6 14. Nbd2 e6
15. dxe6 fxe6 16. O-O d5 17. exd5 exd5 18. Rfe1 Raa8 19. Re7 Rfe8 20. Rae1 Rxe7
21. Rxe7 Rxa2 22. g4 d4 23. g5 dxc3 24. gxf6 Bxf6 25. Rxd7 c2 0-1

[Event "ENCI Limburg-open C"]
[Site "Maastricht"]
[Date "2012.05.25"]
[Round "1"]
[White "Gerlagh, Reyer"]
[Black "Vossen, Martijn"]
[Result "1/2-1/2"]
[WhiteElo "1327"]
[BlackElo "1656"]
[PlyCount "89"]
[EventDate "2012.05.25"]
[EventType "swiss"]
[EventRounds "7"]
[EventCountry "NED"]
[Source "P.Boonen"]
[SourceDate "2013.01.01"]

1. e4 d6 2. d4 g6 3. c4 Bg7 4. Nf3 Nf6 5. Nc3 O-O 6. Be2 Nbd7 7. O-O c5 8. d5
a6 9. Bd2 b6 10. Rb1 Bb7 11. Bd3 Ng4 12. h3 Nge5 13. Nxe5 Nxe5 14. Be2 e6 15.
Qc1 Qe7 16. f4 Nd7 17. Bg4 exd5 18. Nxd5 Bxd5 19. exd5 f5 20. Bf3 Rfe8 21. Re1
Qf7 22. Re6 Qf8 23. Qc2 b5 24. b3 b4 25. Rbe1 Rad8 26. Qc1 Nb8 27. R1e2 a5 28.
Qe1 Kf7 29. Qd1 Na6 30. Be1 Nc7 31. Rxe8 Rxe8 32. Rxe8 Qxe8 33. Qe2 Qd8 34. Kf1
Qf6 35. g4 fxg4 36. Bxg4 Qxf4+ 37. Qf2 Qxf2+ 38. Bxf2 g5 39. Bg3 Bf8 40. Ke2
Kf6 41. Kd3 Ne8 42. Ke4 Ng7 43. Bf2 Kg6 44. Be3 h5 45. Bd7 1/2-1/2

[Event "ENCI Limburg-open C"]
[Site "Maastricht"]
[Date "2012.05.25"]
[Round "1"]
[White "Havenith, Julia"]
[Black "Roemhild, Wolfgang"]
[Result "1/2-1/2"]
[WhiteElo "1377"]
[BlackElo "1691"]
[PlyCount "102"]
[EventDate "2012.05.25"]
[EventType "swiss"]
[EventRounds "7"]
[EventCountry "NED"]
[Source "P.Boonen"]
[SourceDate "2013.01.01"]

1. e4 e5 2. Nf3 Nc6 3. Bb5 Nge7 4. O-O g6 5. Re1 Bg7 6. c3 O-O 7. d4 d6 8. d5
a6 9. Bd3 Na7 10. c4 Bd7 11. Nc3 Kh8 12. Be3 Nac8 13. Qd2 Ng8 14. b4 Nce7 15.
Rac1 f5 16. Qc2 f4 17. Bd2 h6 18. h3 g5 19. Nb1 Ng6 20. Nh2 h5 21. Be2 Nf6 22.
f3 Qc8 23. Qd1 Rg8 24. c5 Qf8 25. c6 bxc6 26. dxc6 Be6 27. Bc4 Bxc4 28. Rxc4
Nh4 29. Qe2 Bh6 30. Rec1 Qf7 31. Be1 Qe6 32. Bxh4 gxh4 33. Kf2 Rg3 34. Nf1 Rag8
35. Nxg3 fxg3+ 36. Kf1 d5 37. exd5 Qxd5 38. Rd1 Qe6 39. Rxh4 Bg5 40. Rc4 Nd5
41. Re4 Bf4 42. Qd3 Nb6 43. Qc3 Qxa2 44. Nd2 Nd5 45. Qc4 Qxc4+ 46. Nxc4 Nc3 47.
Rxf4 exf4 48. Rd7 Rb8 49. Rd3 Nb5 50. Rd5 Nc3 51. Rd3 Nb5 1/2-1/2

[Event "ENCI Limburg-open C"]
[Site "Maastricht"]
[Date "2012.05.25"]
[Round "1"]
[White "Havenith, Michael"]
[Black "Lambrechts, Anne"]
[Result "1-0"]
[WhiteElo "1691"]
[BlackElo "1410"]
[PlyCount "73"]
[EventDate "2012.05.25"]
[EventType "swiss"]
[EventRounds "7"]
[EventCountry "NED"]
[Source "P.Boonen"]
[SourceDate "2013.01.01"]

1. c4 e5 2. Nc3 g6 3. Nf3 Nc6 4. g3 Bg7 5. Bg2 Nf6 6. O-O O-O 7. d3 h6 8. Bd2
Kh7 9. Rb1 d6 10. b4 Rb8 11. a4 Be6 12. b5 Ne7 13. e4 Qd7 14. a5 Bg4 15. Qc2
Nh5 16. Be3 c5 17. bxc6 Nxc6 18. Qa4 Qc7 19. Nb5 Qxa5 20. Qxa5 Nxa5 21. Bxa7
Ra8 22. Bb6 f5 23. Nxd6 fxe4 24. Nd2 exd3 25. Nxb7 Nxb7 26. Bxb7 Ra2 27. Be3
Nf6 28. f3 Be6 29. Rfc1 Nd7 30. Be4 Ra3 31. c5 Nf6 32. Bb7 Nd5 33. Bxd5 Bxd5
34. c6 Be6 35. Bc5 Ba2 36. Bxf8 Bxf8 37. c7 1-0

[Event "ENCI Limburg-open C"]
[Site "Maastricht"]
[Date "2012.05.25"]
[Round "1"]
[White "Helsen, Roger"]
[Black "Calje, Adrey"]
[Result "1/2-1/2"]
[WhiteElo "1556"]
[BlackElo "1032"]
[PlyCount "70"]
[EventDate "2012.05.25"]
[EventType "swiss"]
[EventRounds "7"]
[EventCountry "NED"]
[Source "P.Boonen"]
[SourceDate "2013.01.01"]

1. d4 d5 2. Nf3 Nc6 3. Bf4 Nf6 4. e3 e6 5. Bd3 Bd6 6. Bg5 Bd7 7. O-O h6 8. Bh4
Qe7 9. c4 g5 10. Bg3 O-O-O 11. Ne5 h5 12. c5 h4 13. Nxc6 Bxc6 14. Bxd6 cxd6 15.
cxd6 Qxd6 16. Qe2 Bd7 17. Qc2+ Kb8 18. Qc5 Qc6 19. Nd2 e5 20. Qxc6 Bxc6 21.
dxe5 Nd7 22. Nf3 g4 23. Nd4 Nxe5 24. Nxc6+ Nxc6 25. Bf5 g3 26. fxg3 hxg3 27. h3
Ne7 28. Bg4 Rdf8 29. Rf3 f5 30. Raf1 a6 31. Bxf5 Nxf5 32. Rxf5 Rxf5 33. Rxf5
Rc8 34. Rf1 Rc2 35. Rf3 Rc1+ 1/2-1/2

[Event "ENCI Limburg-open C"]
[Site "Maastricht"]
[Date "2012.05.25"]
[Round "1"]
[White "Hoferichter, Michael"]
[Black "Beukema, Jasper"]
[Result "0-1"]
[WhiteElo "1188"]
[BlackElo "1625"]
[PlyCount "80"]
[EventDate "2012.05.25"]
[EventType "swiss"]
[EventRounds "7"]
[EventCountry "NED"]
[Source "P.Boonen"]
[SourceDate "2013.01.01"]

1. e4 c5 2. Nf3 Nc6 3. d4 cxd4 4. Nxd4 g6 5. Nc3 Bg7 6. Be3 d6 7. Bb5 Bd7 8.
Nxc6 Bxc6 9. Qe2 Qa5 10. Bxc6+ bxc6 11. Bd2 Rb8 12. Nd1 Qc7 13. c3 Nf6 14. O-O
O-O 15. Rb1 Qa5 16. Ra1 Nd7 17. c4 Qa6 18. Bc3 Ne5 19. Ne3 e6 20. f4 Nd7 21.
Bxg7 Kxg7 22. b3 Qb6 23. Qb2+ e5 24. Qf2 Rbe8 25. f5 Nf6 26. Qf3 Rd8 27. Rf2
Qd4 28. Rd1 Qxe4 29. Rdf1 Qxf3 30. Rxf3 d5 31. fxg6 fxg6 32. cxd5 cxd5 33. Rd1
e4 34. Rg3 d4 35. Nf5+ Kh8 36. Nxd4 Rfe8 37. Kf2 e3+ 38. Ke2 Ne4 39. Kf3 Nxg3
40. hxg3 Rxd4 0-1

[Event "ENCI Limburg-open C"]
[Site "Maastricht"]
[Date "2012.05.25"]
[Round "1"]
[White "Hong, Jeffrey"]
[Black "Kuiper, Adrian"]
[Result "1-0"]
[WhiteElo "1119"]
[BlackElo "1569"]
[PlyCount "77"]
[EventDate "2012.05.25"]
[EventType "swiss"]
[EventRounds "7"]
[EventCountry "NED"]
[Source "P.Boonen"]
[SourceDate "2013.01.01"]

1. e4 c5 2. Nf3 d6 3. d4 cxd4 4. Nxd4 Nf6 5. Nc3 a6 6. g3 e5 7. Nf3 Be7 8. Bg2
O-O 9. O-O Bg4 10. h3 Bh5 11. Be3 Nbd7 12. Nd5 Nxe4 13. Nxe7+ Qxe7 14. g4 Bg6
15. h4 h6 16. g5 hxg5 17. Nxg5 Nxg5 18. Bxg5 f6 19. Bc1 Nc5 20. Be3 Rac8 21. c3
Rfd8 22. h5 Bf7 23. h6 g5 24. Qc2 e4 25. Bxc5 Rxc5 26. Bxe4 Re5 27. Bh7+ Kh8
28. Qd3 b5 29. Bg6 Bc4 30. Qd4 Bxf1 31. Rxf1 Qe6 32. Kh2 f5 33. Qb6 Rf8 34. Bh5
Qxh6 35. Kg2 f4 36. Rh1 Kg8 37. Bf7+ Kg7 38. Rxh6 f3+ 39. Kg3 1-0

[Event "ENCI Limburg-open C"]
[Site "Maastricht"]
[Date "2012.05.25"]
[Round "1"]
[White "Hoornstra, Ischa"]
[Black "Heman, Frans"]
[Result "0-1"]
[WhiteElo "983"]
[BlackElo "1550"]
[PlyCount "58"]
[EventDate "2012.05.25"]
[EventType "swiss"]
[EventRounds "7"]
[EventCountry "NED"]
[Source "P.Boonen"]
[SourceDate "2013.01.01"]

1. e4 e6 2. Nf3 c5 3. Nc3 Nc6 4. Bc4 a6 5. a3 b5 6. Ba2 Bb7 7. d3 Be7 8. Be3
Nf6 9. O-O O-O 10. Ne1 Nd4 11. f4 d5 12. e5 Ne8 13. Ne2 Nf5 14. Bf2 Rc8 15. Rc1
Nc7 16. Ng3 Kh8 17. Qf3 Rb8 18. Qh5 g6 19. Qh3 Ng7 20. Nf3 d4 21. Be1 Nd5 22.
Bd2 Ne3 23. Bxe3 dxe3 24. Rce1 Bxf3 25. Rxf3 c4 26. Rfxe3 Bc5 27. d4 Bxd4 28.
Rd1 Bxe3+ 29. Kf1 Qxd1# 0-1

[Event "ENCI Limburg-open C"]
[Site "Maastricht"]
[Date "2012.05.25"]
[Round "1"]
[White "Krug, Franz Dieter"]
[Black "De Bruin, Joost"]
[Result "1-0"]
[WhiteElo "1540"]
[BlackElo "1729"]
[PlyCount "51"]
[EventDate "2012.05.25"]
[EventType "swiss"]
[EventRounds "7"]
[EventCountry "NED"]
[Source "P.Boonen"]
[SourceDate "2013.01.01"]

1. d4 Nf6 2. c4 c5 3. e3 g6 4. Nf3 Bg7 5. Be2 O-O 6. O-O cxd4 7. exd4 d5 8. Be3
dxc4 9. Bxc4 b6 10. Nc3 Bb7 11. h3 Na6 12. Qe2 Nc7 13. Rad1 Rc8 14. a4 Ncd5 15.
Nxd5 Nxd5 16. Ba6 Bxa6 17. Qxa6 Nxe3 18. fxe3 Bh6 19. Qe2 Qd7 20. b3 Qe6 21.
Rd3 Rc7 22. Ne5 Bg7 23. Nc4 Rd8 24. Qf3 Rb8 25. d5 Qf6 26. Qg3 1-0

[Event "ENCI Limburg-open C"]
[Site "Maastricht"]
[Date "2012.05.25"]
[Round "1"]
[White "Liu, Julian"]
[Black "Nissel, Andreas"]
[Result "0-1"]
[WhiteElo "1414"]
[BlackElo "1698"]
[PlyCount "88"]
[EventDate "2012.05.25"]
[EventType "swiss"]
[EventRounds "7"]
[EventCountry "NED"]
[Source "P.Boonen"]
[SourceDate "2013.01.01"]

1. e4 e6 2. d4 d5 3. Nc3 Nf6 4. e5 Nfd7 5. Nce2 c5 6. c3 Nc6 7. Nf3 Qb6 8. Rb1
Be7 9. Be3 cxd4 10. cxd4 f6 11. exf6 Nxf6 12. b3 Bb4+ 13. Bd2 Ne4 14. Bxb4
Qxb4+ 15. Nd2 Nxd4 16. Nxd4 Qxd4 17. Bb5+ Ke7 18. Qe2 Nc3 19. Nf3 Nxe2 20. Nxd4
Nxd4 21. Bd3 Bd7 22. O-O Bb5 23. Rbd1 Bxd3 24. Rxd3 Nc6 25. Re1 Rad8 26. f4
Rhf8 27. Rg3 g6 28. Rh3 h5 29. Rg3 Rf6 30. Rge3 d4 31. Re4 d3 32. g3 d2 33. Rd1
Nd4 34. Kf2 Nf5 35. Re2 Rff8 36. Rexd2 Rxd2+ 37. Rxd2 Nd6 38. Kf3 Rc8 39. Rd3
Rc2 40. a4 Rxh2 41. Rc3 Kd7 42. Rc5 Nf5 43. Rb5 b6 44. Rb4 Rh3 0-1

[Event "ENCI Limburg-open C"]
[Site "Maastricht"]
[Date "2012.05.25"]
[Round "1"]
[White "Orbons, Richard"]
[Black "Lemmens, Paul"]
[Result "1-0"]
[WhiteElo "1668"]
[BlackElo "1333"]
[PlyCount "67"]
[EventDate "2012.05.25"]
[EventType "swiss"]
[EventRounds "7"]
[EventCountry "NED"]
[Source "P.Boonen"]
[SourceDate "2013.01.01"]

1. Nf3 e6 2. g3 f5 3. Nc3 Nf6 4. Bg2 g6 5. O-O Bg7 6. d4 O-O 7. Bg5 d6 8. e4
Qe8 9. e5 dxe5 10. Nxe5 c6 11. Qe2 b6 12. Rae1 Ba6 13. Nd3 h6 14. Bf4 Bc8 15.
Bd6 Rf7 16. Ne5 Ba6 17. Nd3 Rd7 18. Bxb8 Qxb8 19. Qxe6+ Kh7 20. Bxc6 Rd8 21.
Ne5 Rd6 22. Qf7 Ng4 23. Nd7 Qg8 24. Qxg8+ Rxg8 25. h3 Nf6 26. Nxf6+ Rxf6 27.
Bb5 Bb7 28. Re7 Ba8 29. Rfe1 h5 30. Rxa7 Rff8 31. Ree7 Kh6 32. Bc4 Bf6 33. Rh7+
Kg5 34. f4# 1-0

[Event "ENCI Limburg-open C"]
[Site "Maastricht"]
[Date "2012.05.25"]
[Round "1"]
[White "Ousmane, Tijany"]
[Black "Beukema, Constantijn"]
[Result "1-0"]
[WhiteElo "1519"]
[BlackElo "800"]
[PlyCount "49"]
[EventDate "2012.05.25"]
[EventType "swiss"]
[EventRounds "7"]
[EventCountry "NED"]
[Source "P.Boonen"]
[SourceDate "2013.01.01"]

1. e4 e5 2. Nf3 Nc6 3. Bc4 Nf6 4. Ng5 d5 5. exd5 Nxd5 6. Nxf7 Kxf7 7. Qf3+ Ke6
8. Nc3 Ncb4 9. O-O Bc5 10. a3 Rf8 11. Qg4+ Kd6 12. Qd1 c6 13. Ne4+ Kc7 14. Nxc5
b6 15. axb4 bxc5 16. bxc5 a6 17. Qe2 Nf4 18. Qxe5+ Kb7 19. Qxg7+ Bd7 20. d4 Nh5
21. Qxh7 Nf6 22. Qd3 Re8 23. Bxa6+ Kb8 24. Bf4+ Ka7 25. Bc8+ 1-0

[Event "ENCI Limburg-open C"]
[Site "Maastricht"]
[Date "2012.05.25"]
[Round "1"]
[White "Overtoom, Reinier"]
[Black "Jacobs, Tobias"]
[Result "1/2-1/2"]
[WhiteElo "1705"]
[BlackElo "1416"]
[PlyCount "39"]
[EventDate "2012.05.25"]
[EventType "swiss"]
[EventRounds "7"]
[EventCountry "NED"]
[Source "P.Boonen"]
[SourceDate "2013.01.01"]

1. Nc3 d5 2. e4 d4 3. Nce2 e5 4. Ng3 Nc6 5. Bc4 Be7 6. Nf3 Na5 7. Nxe5 Nxc4 8.
Nxc4 Be6 9. Ne5 Qd6 10. Nf3 h5 11. h3 h4 12. Ne2 d3 13. Nc3 Bc4 14. cxd3 Bxd3
15. Qa4+ c6 16. Qd4 Qxd4 17. Nxd4 Bf6 18. Nf3 Bxc3 19. dxc3 Bxe4 20. Be3
1/2-1/2

[Event "ENCI Limburg-open C"]
[Site "Maastricht"]
[Date "2012.05.25"]
[Round "1"]
[White "Parren, Ashley"]
[Black "Dijksman, Sebastiaan"]
[Result "0-1"]
[WhiteElo "1290"]
[BlackElo "1654"]
[PlyCount "54"]
[EventDate "2012.05.25"]
[EventType "swiss"]
[EventRounds "7"]
[EventCountry "NED"]
[Source "P.Boonen"]
[SourceDate "2013.01.01"]

1. e4 c6 2. Nf3 d5 3. exd5 cxd5 4. d4 Bf5 5. Nc3 e6 6. Bf4 Bd6 7. Bb5+ Nc6 8.
Ne5 Rc8 9. Qe2 Nf6 10. Rc1 O-O 11. Bxc6 bxc6 12. Qa6 Qc7 13. O-O Nh5 14. Bd2 f6
15. Nf3 Bg4 16. h3 Bxf3 17. gxf3 Bf4 18. Qe2 e5 19. dxe5 fxe5 20. Rfe1 Qd7 21.
Bxf4 Nxf4 22. Qxe5 Qxh3 23. Qg5 Rf6 24. Re5 Qxf3 25. Kf1 Rg6 26. Qh4 Rg1+ 27.
Kxg1 Qg2# 0-1

[Event "ENCI Limburg-open C"]
[Site "Maastricht"]
[Date "2012.05.25"]
[Round "1"]
[White "Slagter, Maxim"]
[Black "De Ruyter, Wim"]
[Result "1-0"]
[WhiteElo "1374"]
[BlackElo "1681"]
[PlyCount "77"]
[EventDate "2012.05.25"]
[EventType "swiss"]
[EventRounds "7"]
[EventCountry "NED"]
[Source "P.Boonen"]
[SourceDate "2013.01.01"]

1. e4 e5 2. Nf3 Nf6 3. d3 Nc6 4. Bg5 Be7 5. Nc3 O-O 6. Qd2 d6 7. O-O-O Be6 8.
h4 d5 9. Bxf6 Bxf6 10. Ng5 d4 11. Ne2 Qe7 12. Nxe6 fxe6 13. g3 Qc5 14. f4 Qa5
15. Qxa5 Nxa5 16. Bh3 Rae8 17. Rdf1 Nc6 18. Rh2 exf4 19. Nxf4 Be5 20. Rhf2
Bxf4+ 21. Rxf4 Rxf4 22. Rxf4 e5 23. Rf3 g6 24. Bd7 Rf8 25. Rxf8+ Kxf8 26. Bxc6
bxc6 27. b4 Kg7 28. g4 Kh6 29. Kb2 Kg7 30. Kb3 Kf7 31. Kc4 Ke7 32. Kc5 Kd7 33.
a3 a6 34. a4 h6 35. a5 g5 36. h5 Kc8 37. Kxc6 Kb8 38. Kd5 Kb7 39. Kxe5 1-0

[Event "ENCI Limburg-open C"]
[Site "Maastricht"]
[Date "2012.05.25"]
[Round "1"]
[White "Steenman, Tomas"]
[Black "Godding, Mick"]
[Result "1/2-1/2"]
[WhiteElo "1208"]
[BlackElo "1636"]
[PlyCount "99"]
[EventDate "2012.05.25"]
[EventType "swiss"]
[EventRounds "7"]
[EventCountry "NED"]
[Source "P.Boonen"]
[SourceDate "2013.01.01"]

1. d4 Nf6 2. e3 g6 3. Bd3 Bg7 4. Nd2 O-O 5. f4 d5 6. b4 a5 7. c3 b6 8. b5 c6 9.
bxc6 Ba6 10. Bxa6 Rxa6 11. Qe2 Qc8 12. e4 dxe4 13. Nxe4 Nxe4 14. Qxe4 Qxc6 15.
Qxc6 Nxc6 16. Be3 e6 17. Nf3 Rc8 18. O-O Ne7 19. Rfc1 Nd5 20. Bd2 b5 21. a3
Rac6 22. Kf1 Nxc3 23. g4 Ne4 24. Be3 Rc3 25. Rxc3 Rxc3 26. Ke2 Bf8 27. a4 b4
28. Bd2 Nxd2 29. Nxd2 f5 30. gxf5 exf5 31. Nf3 Bh6 32. Ng5 Bxg5 33. fxg5 Rc2+
34. Kf3 Rxh2 35. Kf4 Rh4+ 36. Ke5 Rh3 37. Rc1 Rc3 38. Re1 b3 39. Kd6 Rc8 40.
Kd7 Rf8 41. Rb1 f4 42. Rxb3 f3 43. Rb1 f2 44. Rf1 Rf5 45. Ke6 Kf8 46. d5 Rf3
47. Kd7 Rf7+ 48. Kd8 Rf3 49. d6 Kf7 50. Kd7 1/2-1/2

[Event "ENCI Limburg-open C"]
[Site "Maastricht"]
[Date "2012.05.25"]
[Round "1"]
[White "Stiefel, Marika"]
[Black "De Lange, Marieke"]
[Result "1-0"]
[WhiteElo "1645"]
[BlackElo "1223"]
[PlyCount "25"]
[EventDate "2012.05.25"]
[EventType "swiss"]
[EventRounds "7"]
[EventCountry "NED"]
[Source "P.Boonen"]
[SourceDate "2013.01.01"]

1. d4 d5 2. Bf4 c5 3. e3 Nc6 4. c3 Nf6 5. Nd2 Bf5 6. Ngf3 e6 7. Ne5 Nxe5 8.
Bxe5 Nd7 9. Bg3 Be7 10. Nf3 Nf6 11. Bb5+ Nd7 12. Ne5 O-O 13. Nxd7 1-0

[Event "ENCI Limburg-open C"]
[Site "Maastricht"]
[Date "2012.05.25"]
[Round "1"]
[White "Van Ee, Ron"]
[Black "Daemen, Jules"]
[Result "0-1"]
[WhiteElo "1347"]
[BlackElo "1668"]
[PlyCount "78"]
[EventDate "2012.05.25"]
[EventType "swiss"]
[EventRounds "7"]
[EventCountry "NED"]
[Source "P.Boonen"]
[SourceDate "2013.01.01"]

1. e4 d5 2. Nc3 Nf6 3. d3 dxe4 4. dxe4 Qxd1+ 5. Kxd1 c6 6. Bd3 e5 7. Be3 Ng4 8.
Nf3 Nxe3+ 9. fxe3 f6 10. Kd2 Be6 11. b3 Nd7 12. Bc4 Bxc4 13. bxc4 O-O-O 14.
Rhb1 Nb6+ 15. Ke2 Nxc4 16. Rb3 Bc5 17. Nd1 Bb6 18. a4 Ba5 19. Rab1 Nd2 20. Nxd2
Rxd2+ 21. Kf1 Rhd8 22. Nc3 b6 23. Rc1 Kc7 24. h3 Bxc3 25. Rxc3 Rd1+ 26. Rxd1
Rxd1+ 27. Ke2 Ra1 28. Rc4 c5 29. g4 Rh1 30. a5 Rxh3 31. axb6+ axb6 32. Ra4 Kb7
33. Kd3 Rg3 34. c3 Rxg4 35. Kd2 h5 36. c4 h4 37. Ra1 Rg2+ 38. Kc3 h3 39. Rh1 h2
0-1

[Event "ENCI Limburg-open C"]
[Site "Maastricht"]
[Date "2012.05.25"]
[Round "1"]
[White "Van Ee, Winston"]
[Black "Reyskens, Jules"]
[Result "0-1"]
[WhiteElo "1484"]
[BlackElo "1737"]
[PlyCount "86"]
[EventDate "2012.05.25"]
[EventType "swiss"]
[EventRounds "7"]
[EventCountry "NED"]
[Source "P.Boonen"]
[SourceDate "2013.01.01"]

1. e4 c5 2. f4 e6 3. Nf3 Nc6 4. Be2 Be7 5. O-O d6 6. d3 Nf6 7. b3 O-O 8. Bb2
Qc7 9. Nh4 Nxe4 10. dxe4 Bxh4 11. Bd3 e5 12. Qh5 Bf6 13. f5 Nd4 14. Bxd4 cxd4
15. Rf3 g6 16. fxg6 hxg6 17. Qh6 Bg7 18. Qh4 Be6 19. Bc4 Qd8 20. Qxd8 Raxd8 21.
Bxe6 fxe6 22. Rg3 Bh6 23. Na3 Kg7 24. Rf3 Be3+ 25. Kh1 Rxf3 26. gxf3 d5 27. Re1
Rc8 28. exd5 exd5 29. c4 dxc4 30. Nxc4 Kf6 31. Nxe3 dxe3 32. Rxe3 Rc1+ 33. Kg2
Rc2+ 34. Kg3 Rxa2 35. h4 Rb2 36. Kg4 Rb1 37. Rd3 Rg1+ 38. Kh3 Ke6 39. Kh2 Rc1
40. Kg3 Rc5 41. f4 e4 42. Re3 Kf5 43. Kh3 Kxf4 0-1

[Event "ENCI Limburg-open C"]
[Site "Maastricht"]
[Date "2012.05.25"]
[Round "1"]
[White "Van Ginneken, Jos"]
[Black "Slangen Knuit, Dien"]
[Result "1-0"]
[WhiteElo "1566"]
[BlackElo "1117"]
[PlyCount "59"]
[EventDate "2012.05.25"]
[EventType "swiss"]
[EventRounds "7"]
[EventCountry "NED"]
[Source "P.Boonen"]
[SourceDate "2013.01.01"]

1. e4 e5 2. Nf3 d6 3. Bc4 h6 4. h3 Nf6 5. Nc3 Be7 6. d4 exd4 7. Qxd4 O-O 8. O-O
c5 9. Qd1 Nc6 10. Be3 Qb6 11. b3 Rd8 12. Nd5 Nxd5 13. Bxd5 Bf6 14. Rb1 Ne5 15.
Nxe5 dxe5 16. c4 Be6 17. Qc2 Rd6 18. b4 Qc7 19. Bxc5 Ra6 20. a4 Bxd5 21. exd5
b6 22. b5 Ra5 23. Bb4 a6 24. Bxa5 bxa5 25. b6 Qb7 26. Rfd1 Bd8 27. c5 Rc8 28.
c6 Qd7 29. b7 Ra8 30. cxd7 1-0

[Event "ENCI Limburg-open C"]
[Site "Maastricht"]
[Date "2012.05.25"]
[Round "1"]
[White "Van Rossum, Pia"]
[Black "Wilde, Christian"]
[Result "1-0"]
[WhiteElo "1616"]
[BlackElo "1185"]
[PlyCount "75"]
[EventDate "2012.05.25"]
[EventType "swiss"]
[EventRounds "7"]
[EventCountry "NED"]
[Source "P.Boonen"]
[SourceDate "2013.01.01"]

1. Nf3 Nf6 2. d4 d5 3. Bg5 Nbd7 4. e3 e6 5. Bd3 Be7 6. O-O O-O 7. Nbd2 c5 8. c3
c4 9. Bc2 Ne8 10. Bxe7 Qxe7 11. h3 f5 12. Ne5 Nxe5 13. dxe5 g6 14. f4 Qc5 15.
Qe1 b5 16. Nf3 h6 17. Nd4 a6 18. a4 Nc7 19. h4 h5 20. Qg3 Kg7 21. Qg5 Bd7 22.
Ra2 b4 23. Bd1 Kf7 24. Qf6+ Ke8 25. Qxg6+ Kd8 26. Bxh5 Be8 27. Qg5+ Qe7 28.
Bxe8 Qxg5 29. fxg5 Kxe8 30. cxb4 Rb8 31. b5 axb5 32. axb5 Rh8 33. g3 Kf7 34.
Ra7 Rhc8 35. Rfa1 Kg6 36. R1a5 Na8 37. Nxe6 c3 38. Nf4# 1-0

[Event "ENCI Limburg-open C"]
[Site "Maastricht"]
[Date "2012.05.25"]
[Round "1"]
[White "Veelenturf, Wim"]
[Black "Heuts, Guido"]
[Result "1-0"]
[WhiteElo "1690"]
[BlackElo "1374"]
[PlyCount "103"]
[EventDate "2012.05.25"]
[EventType "swiss"]
[EventRounds "7"]
[EventCountry "NED"]
[Source "P.Boonen"]
[SourceDate "2013.01.01"]

1. e4 c6 2. d4 d5 3. Nc3 dxe4 4. Nxe4 Bf5 5. Ng3 Bg6 6. h4 h6 7. Nf3 Nd7 8. Be3
Ngf6 9. Bd3 Bxd3 10. Qxd3 e6 11. O-O Be7 12. Ne2 Nd5 13. g3 Nxe3 14. Qxe3 Bd6
15. Rad1 Nf6 16. Nh2 O-O 17. a3 Re8 18. c4 Qe7 19. Nc3 b6 20. Rfe1 Rad8 21. Qf3
Qc7 22. Kg2 Qd7 23. Re2 Re7 24. Red2 Ree8 25. Nf1 Qc7 26. Ne3 a6 27. d5 c5 28.
dxe6 fxe6 29. Ne4 Nxe4 30. Qxe4 Kh8 31. Ng4 Qe7 32. Qc6 Qc7 33. Qxc7 Bxc7 34.
Rxd8 Rxd8 35. Rxd8+ Bxd8 36. Kf3 Kg8 37. Ke4 Kf7 38. Ne5+ Ke7 39. Nc6+ Kd7 40.
Nxd8 Kxd8 41. h5 Ke7 42. Ke5 Kd7 43. f4 Ke7 44. b3 Kd7 45. f5 exf5 46. Kxf5 Ke7
47. Ke5 Kd7 48. Kd5 a5 49. a4 Kc7 50. Ke6 Kd8 51. Kd6 Kc8 52. Kc6 1-0

[Event "ENCI Limburg-open C"]
[Site "Maastricht"]
[Date "2012.05.26"]
[Round "2"]
[White "Bauchmueller, Heinrich"]
[Black "De Ridder, Gertie"]
[Result "1-0"]
[WhiteElo "1447"]
[BlackElo "1121"]
[PlyCount "55"]
[EventDate "2012.05.25"]
[EventType "swiss"]
[EventRounds "7"]
[EventCountry "NED"]
[Source "P.Boonen"]
[SourceDate "2013.01.01"]

1. e4 e5 2. f4 d6 3. Nf3 Nc6 4. Be2 Nf6 5. O-O Nxe4 6. d3 Nc5 7. fxe5 dxe5 8.
Nc3 Be7 9. Be3 O-O 10. a3 b6 11. b4 Ne6 12. b5 Ncd4 13. Nxe5 Bg5 14. Bxg5 Nxg5
15. Ne4 Nxe4 16. dxe4 Nxe2+ 17. Kh1 Nc3 18. Qf3 f6 19. Nc6 Qd2 20. Rf2 Nxe4 21.
Rxd2 Nxd2 22. Qd5+ Kh8 23. Qxd2 Bb7 24. h3 Rae8 25. Re1 a6 26. Rxe8 Rxe8 27.
Qd7 Bxc6 28. bxc6 1-0